Statistics for The USA Quiz - F

Click here to take the quiz!

General Stats

  • This quiz has been taken 583 times
    (537 since last reset)
  • The average score is 11 of 25

Answer Stats

Answer% Correct
States beginning with FFlorida
92%
Social network with over 1 billion usersFacebook
90%
38th PresidentGerald {Ford}
89%
First company to use production linesFord
88%
Given after Chinese food, containing a messageFortune cookie
78%
NFLAtlanta {Falcons}
72%
Delivery and courier serviceFedEx
72%
Scientist and politician nicknamed the First AmericanBen Franklin
64%
Wrote The Great GatsbyF. Scott Fitzgerald
55%
NHLPhiladalphia {Flyers}
54%
13th PresidentMillard {Filmore}
51%
'I'll Be There For You'Friends
38%
Biggest 'F' CitiesFort Worth
37%
Biggest 'F' CitiesFresno
37%
Central bank of the USFederal Reserve
35%
Diagram that shows the steps of a processFlowchart
34%
Mortgage lender formed during the Great DepressionFannie Mae
29%
Now immortalized as the 'Save' iconFloppy Disk
26%
Won an Oscar for Million Dollar BabyMorgan Freeman
22%
The World's tallest is the High Roller, Las VegasFerris wheel
21%
Biggest 'F' CitiesFort Wayne
18%
Biggest 'F' CitiesFayetteville
10%
Influential economist against interventionMilton Friedman
10%
Biggest 'F' CitiesFremont
9%
Signed the Declaration of IndependenceFounding Fathers
8%

Score Distribution

Percentile by Number Answered

Percent of People with Each Score

Your Score History

You have not taken this quiz since the last reset